|
|
|
|
| LEADER |
00000nam a2200000Ia 4500 |
| 001 |
ELB166972 |
| 003 |
FINmELB |
| 005 |
20221123121057.0 |
| 006 |
m o d | |
| 007 |
cr cn||||||||| |
| 008 |
001009s1997 nyua sb 001 0 eng d |
| 010 |
|
|
|z 95049825
|
| 020 |
|
|
|a 9780195352696
|q (e-book)
|
| 035 |
|
|
|a (OCoLC)33898909
|
| 040 |
|
|
|a FINmELB
|c FINmELB
|d FINmELB
|
| 050 |
|
4 |
|a K625
|b .S49 1997
|
| 082 |
0 |
4 |
|a 346.01/5
|a 342.615
|2 20
|
| 245 |
0 |
0 |
|a Sex, preference, and family
|h [electronic resource] :
|b essays on law and nature /
|c edited by David M. Estlund and Martha C. Nussbaum.
|
| 260 |
|
|
|a New York :
|b Oxford University Press,
|c 1997.
|
| 300 |
|
|
|a viii, 349 p. :
|b ill.
|
| 504 |
|
|
|a Includes bibliographical references and index.
|
| 588 |
|
|
|a Description based on metadata supplied by the publisher and other sources.
|
| 590 |
|
|
|a Electronic reproduction. Santa Fe, Arg.: elibro, 2022. Available via World Wide Web. Access may be limited to eLibro affiliated libraries.
|
| 650 |
|
0 |
|a Persons (Law)
|
| 650 |
|
0 |
|a Sex and law.
|
| 650 |
|
0 |
|a Domestic relations.
|
| 650 |
|
0 |
|a Natural law.
|
| 655 |
|
4 |
|a Electronic books.
|
| 700 |
1 |
|
|a Estlund, David M.
|
| 700 |
1 |
|
|a Nussbaum, Martha Craven,
|d 1947-
|
| 797 |
2 |
|
|a elibro, Corp.
|
| 856 |
4 |
0 |
|u https://elibro.uam.elogim.com/ereader/bidiuam/166972
|z Texto completo
|